Регионална библиотека "Любен Каравелов" - Русе

Мирът на Близкия изток и Тракийският въпрос (Запис номер 342030)

MARC детайли
000 -Лидер
Контролно поле с фиксирана дължина 01427nam a2200289 c 4500
003 - Код на организацията, давaща контролен номер
Контролно поле BLK
005 - Дата и час на последна редакция
Контролно поле 20230127120150.0
008 - Елементи от данни с фиксирана дължина
fixed length control field 180911b bul|||||r ||||||| ||bul||
010 ## - Наследен системен номер
LC control number 001663
040 ## - Източник на каталожния запис
Идентификатор на билиотеката - собственик на записа BLK
041 ## - Код за език
Код за езика на текст/звукозапис или на отделно заглавие Български
Код за езика КДБФ Български
080 ## - УДК
УДК - код + определител 949.72
100 1# - Редна дума - Автор
Авторска отговорност първи автор
R(LIN) 396806
245 10 - Сведения за заглавието
Заглавие Мирът на Близкия изток и Тракийският въпрос
246 ## - Различни форми на заглавието
Паралелно заглавие Речи, произнесени на общогражданското събрание във Военния клуб в София на 27 декември 1920
Подзаглавни данни МИРЪТ на Близкия изток и Тракийският въпрос
260 ## - Област на издателските данни
Място на издаване, разпространение и проч. София
Име на издателя, разпространителя и проч. Съюз на бълг. учени, писатели с художници
Година на издаване 1921
Печатница Придворна печ.
300 ## - Физическа характеристика
Страници 43 с
Размери/Мащаб 23 см
380 ## - Жанр
Жанр История
490 ## - СЕРИИ (Колекции)
Име на серия Частна колекция - Академик Михаил Арнаудов
Бележки за серията Дарение - Основен фонд
500 ## - Общи забележки
Забележка Съдържа речи на Л. Милетич, Вл. Моллов, Ал. Цанков, Гр. Василев и Ст. Романски. - Михаил Арнаудов: подпис . - Подчертавания в текста : с. 2 и 39.
520 ## - Забележка за наличие на резюме, анотация и т.н
Анотация, рецензия, сканиран текст Михаил Арнаудов: негови-книга
655 ## - Ключова дума – жанр/разновидност
Данни за жанр/разновидност или ключова дума за фокус българска история
852 ## - Местоположение
Форматна сигнатура МА 298
856 ## - Електронен адрес и достъп
Инструкция (цена за достъп) 0.00
Права за достъп disable
999 ## - СИСТЕМНИ КОНТРОЛНИ НОМЕРА
Koha biblionumber 342030
Koha biblioitemnumber 342030
942 ## - АРТИКУЛИ
Вид на библиотечния материал Книги
Скрит в OPAC Не
Периодичен библиозапис Да
944 ## - СЪЗДАВАНЕ И РЕДАКЦИЯ на ЗАПИСА
Създаване/Редакция Създаване
Дата на регистрацията/редакция 1995
Служител, извършил регистрацията/редакцията ValK
999 ## - СИСТЕМНИ КОНТРОЛНИ НОМЕРА
Koha biblioitemnumber 342030
999 ## - СИСТЕМНИ КОНТРОЛНИ НОМЕРА
Koha biblioitemnumber 342030
Наличности
Код за отписване Код за изгубен артикул Източник на класификационната схема Код за повреда Коз за рестрикции Код за отдаване Артикулен № Име на библиотеката - собственик Име на библиотеката, в която се намира в момента Статус (Текущо местоположение) Местоположение - отдел Цена в лева Номерация (Хронология) Инвентарен номер Систематично азбучна сигнатура Баркод Номер на екземпляра Цена в евро Служебен тип на артикула
  Не е изгубен Universal Decimal Classification Не е повреден без рестрикции Специални фондове ( старопечатни, редки и ценни, фонд М. Арнаудов) 742064 Регионална библиотека "Любен Каравелов" Русе Регионална библиотека "Любен Каравелов" Русе Фонд "Михаил Арнаудов" Фонд "Михаил Арнаудов" 0.30   345157 МА 298 120000345157 1 0.15 Книги
Vip Innovations Ltd, Rousse, Bulgaria 2025